Future of building control (Record no. 110005)
[ view plain ]
| 000 -LEADER | |
|---|---|
| fixed length control field | 01691cad a22002535a 4500 |
| 001 - CONTROL NUMBER | |
| control field | L148333 |
| 008 - FIXED-LENGTH DATA ELEMENTS--GENERAL INFORMATION | |
| fixed length control field | 090907s2009 xxkdo f 000 0 eng d |
| 020 ## - INTERNATIONAL STANDARD BOOK NUMBER | |
| International Standard Book Number | 9781409815488 |
| 035 ## - SYSTEM CONTROL NUMBER | |
| System control number | (Sirsi) u148333 |
| 041 0# - LANGUAGE CODE | |
| Language code of text/sound track or separate title | eng |
| 050 04 - LIBRARY OF CONGRESS CALL NUMBER | |
| Classification number | 692.2 $2 18 |
| 110 2# - MAIN ENTRY--CORPORATE NAME | |
| Corporate name or jurisdiction name as entry element | United Kingdom |
| Subordinate unit | Department for Communities and Local Government |
| 9 (RLIN) | 4939 |
| 245 00 - TITLE STATEMENT | |
| Title | Future of building control |
| Remainder of title | implementation plan |
| Medium | [electronic resource] |
| 260 ## - PUBLICATION, DISTRIBUTION, ETC. | |
| Place of publication, distribution, etc. | London |
| Name of publisher, distributor, etc. | DCLG |
| Date of publication, distribution, etc. | 2009 |
| 505 2# - FORMATTED CONTENTS NOTE | |
| Formatted contents note | Ministerial foreword -- Vision and roles and responsibilities -- A new future for building control -- A better approach to regulations and guidance -- Modernising inspection and enforcement -- Reform of disputes and complaints -- Alternatives ways to comply -- Strengthening performance management -- Evidence of compliance -- Way forward -- Implementation plan milestone map |
| 520 ## - SUMMARY, ETC. | |
| Summary, etc. | Presents an implementation plan of changes to the building control system, with the goal of increasing compliance with the Building Regulations and addressing challenges such as climate change, demographic change and the strong demand for housing. New measures include: limitation of changes to regulation to points identified from a periodic review process; improvement of support and advice to customers; change to a formal risk-based compliance mechanism. |
| 521 ## - TARGET AUDIENCE NOTE | |
| Target audience note | Advanced |
| 590 ## - LOCAL NOTE (RLIN) | |
| Local note | KA NTK |
| 650 24 - SUBJECT ADDED ENTRY--TOPICAL TERM | |
| Topical term or geographic name entry element | BUILDING REGULATIONS 2000 |
| 651 #4 - SUBJECT ADDED ENTRY--GEOGRAPHIC NAME | |
| Geographic name | England and Wales |
| Chronological subdivision | 1543- |
| 690 ## - LOCAL SUBJECT ADDED ENTRY--TOPICAL TERM (OCLC, RLIN) | |
| Topical term or geographic name as entry element | BUILT ENVIRONMENT-BUILDING STANDARDS |
| 856 40 - ELECTRONIC LOCATION AND ACCESS | |
| Uniform Resource Identifier | <a href="https://www.gov.uk/government/publications/future-of-building-control-implementation-plan">https://www.gov.uk/government/publications/future-of-building-control-implementation-plan</a> |
| Public note | View the consultation free of charge at www.communities.gov.uk... |
| 942 ## - ADDED ENTRY ELEMENTS (KOHA) | |
| Suppress in OPAC | 0 |
| Withdrawn status | Lost status | Source of classification or shelving scheme | Damaged status | Not for loan | Home library | Current library | Shelving location | Date acquired | Total Checkouts | Full call number | Barcode | Date last seen | Copy number | Price effective from | Koha item type |
|---|---|---|---|---|---|---|---|---|---|---|---|---|---|---|---|
| Dewey Decimal Classification | Virtual | Virtual | Online | 07/09/2009 | ONLINE PUBLICATION | 148333-1001 | 06/08/2019 | 1 | 06/08/2019 | Book |